Suomen kunnat, jotka päättyvät kirjaimeen Ä - Statistics

Yleistilastot
  • Tätä visaa on pelattu 142 kertaa
  • Keskiarvotulos 18 / 22
Vastaustilastot
Maakunta Kunta % Oikein
-LÄ Keski-Suomi Jyväskylä
92%
-ÄÄ Uusimaa Järvenpää
89%
-SÄ Keski-Suomi Jämsä
88%
-LÄ Lappi Kittilä
88%
-LÄ Satakunta Säkylä
88%
-LÄ Lappi Sodankylä
86%
-JÄ Kanta-Häme Ypäjä
86%
-ÄÄ Uusimaa Hyvinkää
84%
-YÄ Varsinais-Suomi Pöytyä
84%
-ÄÄ Kymenlaakso Pyhtää
84%
-VÄ Pohjois-Pohjanmaa Tyrnävä
84%
-MÄ Pohjois-Savo Vieremä
84%
-LÄ Pohjois-Karjala Rääkkylä
81%
-ÄÄ Satakunta Kankaanpää
80%
-LÄ Pirkanmaa Lempäälä
80%
-MÄ Päijät-Häme Sysmä
80%
-ÄÄ Varsinais-Suomi Oripää
78%
-LÄ Uusimaa Mäntsälä
77%
-LÄ Uusimaa Myrskylä
77%
-TÄ Pohjois-Pohjanmaa Pyhäntä
75%
-LÄ Kymenlaakso Miehikkälä
73%
-LÄ Päijät-Häme Kärkölä
70%
Ehtoja vastaavia visoja ei löytynyt
Tulosjakauma
Jokaisen tuloksen saaneiden osuus
Persentiili vastausten määrän mukaan
Tuloshistoriasi
Et ole pelannut tätä visaa